And I Love Her - The Beatles (All Lyrics) - Statistics

General Stats
  • This quiz has been taken 75 times
    73 since last reset
  • The average score is 83 of 103
Answer Stats
Lyrics % Correct
a
100%
her
100%
I
100%
love
100%
and
98%
she
94%
to
92%
me
90%
my
90%
you
90%
never
85%
all
83%
die
83%
give
83%
if
83%
that
83%
do
81%
the
81%
too
81%
as
79%
like
79%
saw
79%
that's
77%
everything
75%
have
75%
ours
75%
will
75%
you'd
75%
gives
73%
long
71%
could
69%
near
67%
brings
65%
lover
63%
know
60%
mine
60%
of
60%
is
58%
stars
58%
this
58%
shine
56%
sky
54%
tenderly
54%
bright
52%
dark
52%
kiss
48%
are
46%
No matching quizzes found
Score Distribution
Percent of People with Each Score
Percentile by Number Answered
Your Score History
You have not taken this quiz since the last reset